[Event "Budapest Spring op"]
[Site "Budapest"]
[Date "2018.04.24"]
[Round "7"]
[White "Ilic, Zoran"]
[Black "Rakotomaharo, Fy Antenaina"]
[Result "1/2-1/2"]
[WhiteElo "2294"]
[BlackElo "2415"]
[PlyCount "97"]
[EventDate "2018.04.18"]
[EventType "swiss"]
[EventRounds "9"]
[EventCountry "HUN"]
[SourceTitle "CBM 184 Extra"]
[Source "ChessBase"]
[SourceDate "2018.06.28"]
[SourceVersion "1"]
[SourceVersionDate "2018.06.28"]
[SourceQuality "1"]

1. d4 Nf6 2. Nf3 e6 3. c4 c5 4. d5 b5 5. Bg5 exd5 6. cxd5 d6 7. e3 a6 8. a4 h6 9. Bxf6 Qxf6 10. axb5 Qxb2 11. Nbd2 Be7 12. Rb1 Qc3 13. b6 Bf5 14. Rb3 Qa5 15. Be2 Nd7 16. b7 Rb8 17. 0-0 0-0 18. e4 Bg4 19. Qa1 Qxa1 20. Rxa1 c4 21. Bxc4 Nc5 22. Rb6 Rxb7 23. Rxb7 Nxb7 24. Rxa6 Nc5 25. Ra5 Rb8 26. Ra2 Bf6 27. Rc2 Re8 28. Bb5 Re7 29. Rc4 Bh5 30. Ba4 g5 31. h3 Bxf3 32. gxf3 Ra7 33. Bc2 Ra1+ 34. Kg2 Ra2 35. Nf1 Be5 36. Ne3 Kg7 37. Ng4 Bf4 38. e5 h5 39. exd6 hxg4 40. Rxc5 gxh3+ 41. Kxh3 Bxd6 42. Rc6 Bf4 43. Kg4 Rb2 44. Kf5 Rb4 45. Be4 Rd4 46. Rc2 Rd1 47. Ra2 Rd4 48. Ra3 Rb4 49. Rd3 1/2-1/2

[Event "SRB-chT 1st League"]
[Site "Kragujevac"]
[Date "2016.09.17"]
[Round "10.3"]
[White "Ilic, Zoran"]
[Black "Radovanovic, Jovica"]
[Result "1/2-1/2"]
[WhiteElo "2279"]
[BlackElo "2351"]
[PlyCount "29"]
[EventDate "2016.09.10"]
[EventType "team-tourn"]
[EventRounds "11"]
[EventCountry "SRB"]
[SourceTitle "CBM 174 Extra"]
[Source "ChessBase"]
[SourceDate "2016.10.10"]
[SourceVersion "1"]
[SourceVersionDate "2016.10.10"]
[SourceQuality "1"]
[WhiteTeam "Nis Svitanja"]
[BlackTeam "Sabac"]
[WhiteTeamCountry "SRB"]
[BlackTeamCountry "SRB"]

1. d4 d5 2. Nf3 Nf6 3. c4 c6 4. Nc3 dxc4 5. a4 a5 6. e3 Bg4 7. Bxc4 e6 8. 0-0 Bb4 9. h3 Bh5 10. Qe2 0-0 11. Rd1 Nbd7 12. e4 Qe7 13. e5 Nd5 14. Nxd5 cxd5 15. Bd3 1/2-1/2

[Event "SRB-chT 1st League"]
[Site "Kragujevac"]
[Date "2016.09.13"]
[Round "5.6"]
[White "Ilic, Zoran"]
[Black "Nestorovic, Dejan"]
[Result "1/2-1/2"]
[WhiteElo "2279"]
[BlackElo "2380"]
[PlyCount "80"]
[EventDate "2016.09.10"]
[EventType "team-tourn"]
[EventRounds "11"]
[EventCountry "SRB"]
[SourceTitle "CBM 174 Extra"]
[Source "ChessBase"]
[SourceDate "2016.10.10"]
[SourceVersion "1"]
[SourceVersionDate "2016.10.10"]
[SourceQuality "1"]
[WhiteTeam "Nis Svitanja"]
[BlackTeam "Petrovac Sloga"]
[WhiteTeamCountry "SRB"]
[BlackTeamCountry "SRB"]

1. d4 Nf6 2. c4 e6 3. Nf3 Bb4+ 4. Bd2 c5 5. Bxb4 cxb4 6. g3 0-0 7. Bg2 d6 8. 0-0 a5 9. Qd3 Qc7 10. Nbd2 Rd8 11. Rfc1 Na6 12. e3 h6 13. Ne1 Bd7 14. a3 Bc6 15. Nc2 bxa3 16. Rxa3 Bxg2 17. Kxg2 b6 18. Kg1 Rdc8 19. Rc3 Qb7 20. Rb1 d5 21. b4 dxc4 22. Rxc4 Rxc4 23. Nxc4 Nxb4 24. Nxb4 axb4 25. Rxb4 Ra1+ 26. Rb1 Qa6 27. Rxa1 Qxa1+ 28. Kg2 Qa8+ 29. Kg1 b5 30. Ne5 Qa4 31. Kg2 Qa8+ 32. Kg1 Qa4 33. Kg2 Qa8+ 34. Kg1 Qb7 35. h4 Ne4 36. Qb3 g5 37. hxg5 hxg5 38. Qb4 Kg7 39. Nd3 Qd7 40. Nc5 Nxc5 1/2-1/2

[Event "FRM-chT 24th"]
[Site "Struga"]
[Date "2015.07.22"]
[Round "3"]
[White "Ilic, Zoran"]
[Black "Markus, Robert"]
[Result "0-1"]
[WhiteElo "2295"]
[BlackElo "2621"]
[PlyCount "104"]
[EventDate "2015.07.20"]
[EventType "team-tourn"]
[EventRounds "7"]
[EventCountry "MKD"]
[SourceTitle "CBM 167 Extra"]
[Source "ChessBase"]
[SourceDate "2015.09.14"]
[SourceVersion "1"]
[SourceVersionDate "2015.09.14"]
[SourceQuality "1"]
[WhiteTeam "Kumanovo"]
[BlackTeam "Skopje Gambit Asseko"]
[WhiteTeamCountry "MKD"]
[BlackTeamCountry "MKD"]

1. Nf3 Nf6 2. d4 g6 3. Bf4 Bg7 4. e3 d6 5. Be2 0-0 6. 0-0 Nc6 7. h3 Qe8 8. Bh2 e5 9. c4 Ne4 10. Nc3 Nxc3 11. bxc3 b6 12. Rc1 Bd7 13. Re1 Rd8 14. Qb3 Qe7 15. Qa3 Rfe8 16. Nd2 f5 17. Bf1 Kh8 18. Nb3 a5 19. Red1 Qf7 20. c5 a4 21. Nd2 dxc5 22. dxc5 Bf8 23. Qxa4 Bxc5 24. Bc4 Qe7 25. Bb5 Ra8 26. Qc2 Nb8 27. a4 Bxb5 28. axb5 Qe6 29. c4 Nd7 30. Nf3 Bd6 31. Rd5 Kg8 32. Rdd1 h6 33. Ra1 Nc5 34. Nd2 Kf7 35. Nb3 Nd7 36. f3 Rxa1 37. Rxa1 Nf6 38. Rd1 Ra8 39. c5 Be7 40. Bg3 Ra3 41. cxb6 cxb6 42. Nd2 Ra2 43. Qc6 Bc5 44. Kh1 Qd5 45. Qxd5+ Nxd5 46. Nc4 Ke6 47. e4 fxe4 48. Nxe5 e3 49. Nd3 e2 50. Re1 Bb4 51. Rb1 Rd2 52. Nf2 Rb2 0-1

[Event "Skopje Karposh op"]
[Site "Skopje"]
[Date "2015.04.01"]
[Round "7"]
[White "Ilic, Zoran"]
[Black "Manelidis, Savvas"]
[Result "1/2-1/2"]
[WhiteElo "2295"]
[BlackElo "2051"]
[PlyCount "58"]
[EventDate "2015.03.27"]
[EventType "swiss"]
[EventRounds "9"]
[EventCountry "MKD"]
[SourceTitle "CBM 165 Extra"]
[Source "ChessBase"]
[SourceDate "2015.04.21"]
[SourceVersion "1"]
[SourceVersionDate "2015.04.21"]
[SourceQuality "1"]

1. Nf3 Nf6 2. c4 e6 3. g3 a6 4. Bg2 b5 5. b3 Bb7 6. 0-0 Be7 7. Na3 c6 8. d4 0-0 9. Ne5 d6 10. Nd3 Qb6 11. Nc2 c5 12. dxc5 dxc5 13. Ne3 Rd8 14. Bb2 Bxg2 15. Kxg2 Nc6 16. Qc1 Nd4 17. Qe1 h5 18. f3 Qb7 19. Rc1 Rac8 20. Nf2 Nh7 21. h4 Nf6 22. Kh2 Bd6 23. Nh3 Qb8 24. Rg1 Nd7 25. Kh1 Qb7 26. Qf2 Nb6 27. Rg2 bxc4 28. Nxc4 Nxc4 29. Rxc4 Nxb3 1/2-1/2

[Event "Skopje Karposh op"]
[Site "Skopje"]
[Date "2015.03.27"]
[Round "1"]
[White "Ilic, Zoran"]
[Black "Nikolov, Kole"]
[Result "1-0"]
[WhiteElo "2295"]
[BlackElo "1706"]
[PlyCount "49"]
[EventDate "2015.03.27"]
[EventType "swiss"]
[EventRounds "9"]
[EventCountry "MKD"]
[SourceTitle "CBM 165 Extra"]
[Source "ChessBase"]
[SourceDate "2015.04.21"]
[SourceVersion "1"]
[SourceVersionDate "2015.04.21"]
[SourceQuality "1"]

1. d4 d5 2. Nf3 Nf6 3. c4 c6 4. Nc3 Bf5 5. cxd5 Nxd5 6. g3 Nxc3 7. bxc3 e6 8. Nh4 Bg6 9. Bg2 Be7 10. Nxg6 hxg6 11. Rb1 Qc8 12. Qb3 b6 13. Qa4 0-0 14. Rxb6 axb6 15. Qxa8 c5 16. 0-0 g5 17. Be3 Qc7 18. Rb1 Nd7 19. Qa4 Rb8 20. Qb5 f5 21. Bc6 f4 22. Bxd7 fxe3 23. Bxe6+ Kh8 24. fxe3 Bd6 25. Qd3 1-0

[Event "SRB-ch Central"]
[Site "Kragujevac"]
[Date "2015.03.15"]
[Round "9"]
[White "Zlatanovic, Boroljub"]
[Black "Ilic, Zoran"]
[Result "1/2-1/2"]
[WhiteElo "2382"]
[BlackElo "2295"]
[PlyCount "112"]
[EventDate "2015.03.09"]
[EventType "swiss"]
[EventRounds "9"]
[EventCountry "SRB"]
[SourceTitle "CBM 165 Extra"]
[Source "ChessBase"]
[SourceDate "2015.04.21"]
[SourceVersion "1"]
[SourceVersionDate "2015.04.21"]
[SourceQuality "1"]

1. Nc3 c5 2. e4 Nc6 3. f4 g6 4. Nf3 Bg7 5. g3 d6 6. Bg2 e6 7. 0-0 Nge7 8. d3 0-0 9. Be3 b6 10. Bf2 Nd4 11. Qd2 Bb7 12. Nxd4 cxd4 13. Ne2 e5 14. g4 Rc8 15. f5 d5 16. Bh4 f6 17. g5 dxe4 18. Bxe4 Bxe4 19. dxe4 Rc6 20. Ng3 Qc8 21. gxf6 Bxf6 22. Bxf6 Rcxf6 23. Qg5 Qc5 24. Kg2 Qxc2+ 25. Rf2 Qc6 26. Rc1 Qd6 27. Rcf1 Kh8 28. fxg6 Rxf2+ 29. Rxf2 Rxf2+ 30. Kxf2 hxg6 31. Qh6+ Kg8 32. Nh5 Kf7 33. Qg7+ Ke6 34. Nf6 d3 35. Nh7 Kd7 36. Nf6+ Kc6 37. Ng4 d2 38. Ne3 Qd4 39. Ke2 Nc8 40. Qg8 Nd6 41. Qd5+ Qxd5 42. exd5+ Kc5 43. Kxd2 Ne4+ 44. Kd3 Nf6 45. b4+ Kxb4 46. Nc4 Nd7 47. Nd6 Kc5 48. Nc8 Kxd5 49. Ne7+ Ke6 50. Nxg6 Kf5 51. Ne7+ Kf4 52. Ng6+ Kf3 53. Nh4+ Kg4 54. Ng6 Kf3 55. Nh4+ Kg4 56. Ng6 Kf3 1/2-1/2

[Event "SRB-ch Central"]
[Site "Kragujevac"]
[Date "2015.03.12"]
[Round "6"]
[White "Ristic, Nenad"]
[Black "Ilic, Zoran"]
[Result "1-0"]
[WhiteElo "2437"]
[BlackElo "2295"]
[PlyCount "119"]
[EventDate "2015.03.09"]
[EventType "swiss"]
[EventRounds "9"]
[EventCountry "SRB"]
[SourceTitle "CBM 165 Extra"]
[Source "ChessBase"]
[SourceDate "2015.04.21"]
[SourceVersion "1"]
[SourceVersionDate "2015.04.21"]
[SourceQuality "1"]

1. e4 c5 2. Nf3 e6 3. c3 d5 4. exd5 Qxd5 5. d4 Nf6 6. Bd3 Be7 7. 0-0 0-0 8. Be3 cxd4 9. cxd4 Nc6 10. Nc3 Qd6 11. a3 b6 12. Qe2 Bb7 13. Rad1 Rad8 14. Rfe1 Rfe8 15. Bb1 Qb8 16. Ng5 g6 17. h4 Rd7 18. h5 Nxh5 19. Nxh7 Qd8 20. Qg4 Kg7 21. Ng5 Bxg5 22. Bxg5 Rxd4 23. Be4 Rxd1 24. Rxd1 Qc7 25. Nb5 Qb8 26. Nd6 Ne5 27. Qe2 Bxe4 28. Qxe4 f6 29. Nxe8+ Qxe8 30. Be3 g5 31. Bxg5 Nf7 32. Be3 f5 33. Bd4+ Kg6 34. Qh4 Qa4 35. Rd3 e5 36. b3 Qb5 37. Rh3 Qe2 38. Bc3 Qd1+ 39. Kh2 Ng5 40. Qxh5+ Qxh5 41. Rxh5 Kxh5 42. Bxe5 Ne4 43. Bd4 Nd2 44. b4 Kg4 45. f3+ Kf4 46. Kh3 Nb3 47. Bg1 Nd2 48. b5 Ke5 49. a4 Nb1 50. g4 fxg4+ 51. Kxg4 Nc3 52. f4+ Ke6 53. Kg5 Nxa4 54. Kg6 Nc3 55. f5+ Kd7 56. f6 Nd5 57. f7 Nf4+ 58. Kf6 Ne6 59. Bh2 Nf8 60. Bb8 1-0

[Event "FRM-ch op 23rd"]
[Site "Struga"]
[Date "2014.08.26"]
[Round "2"]
[White "Karatrajkov, Nikola"]
[Black "Ilic, Zoran"]
[Result "0-1"]
[WhiteElo "1776"]
[BlackElo "2295"]
[PlyCount "49"]
[EventDate "2014.08.25"]
[EventType "swiss"]
[EventRounds "9"]
[EventCountry "MKD"]
[SourceTitle "CBM 162 Extra"]
[Source "ChessBase"]
[SourceDate "2014.10.17"]
[SourceVersion "1"]
[SourceVersionDate "2014.10.17"]
[SourceQuality "1"]

1. e4 c5 2. Nf3 d6 3. d4 cxd4 4. Nxd4 Nf6 5. Nc3 a6 6. a4 e6 7. Nb3 Be7 8. g3 Qc7 9. Bg2 0-0 10. 0-0 Nc6 11. Re1 b6 12. Bf4 Bb7 13. Qd2 Rac8 14. Rac1 Ne5 15. Qe2 Nc4 16. Nd1 e5 17. Bg5 h6 18. Bxf6 Bxf6 19. Nd2 Bg5 20. f4 exf4 21. h4 f3 22. Bxf3 Bxd2 23. Bg4 Rce8 24. Nc3 Bxc1 25. Rxc1 0-1

[Event "FRM-chT 23rd"]
[Site "Struga"]
[Date "2014.07.15"]
[Round "2.4"]
[White "Bogdanovski, Vlatko"]
[Black "Ilic, Zoran"]
[Result "1/2-1/2"]
[WhiteElo "2431"]
[BlackElo "2276"]
[PlyCount "89"]
[EventDate "2014.07.14"]
[EventType "team-tourn"]
[EventRounds "5"]
[EventCountry "MKD"]
[SourceTitle "CBM 161 Extra"]
[Source "ChessBase"]
[SourceDate "2014.08.29"]
[SourceVersion "1"]
[SourceVersionDate "2014.08.29"]
[SourceQuality "1"]
[WhiteTeam "Skopje Alkaloid"]
[BlackTeam "Kumanovo"]
[WhiteTeamCountry "MKD"]
[BlackTeamCountry "MKD"]

1. d4 Nf6 2. Nf3 d5 3. c4 dxc4 4. e3 e6 5. Bxc4 c5 6. 0-0 Nc6 7. Qe2 a6 8. a4 cxd4 9. Rd1 Be7 10. Nxd4 Nxd4 11. exd4 Nd5 12. Nc3 Nxc3 13. bxc3 0-0 14. Bd3 Qc7 15. c4 Bd7 16. Qe4 f5 17. Qe2 Bf6 18. Bb2 Rfe8 19. Qc2 Rac8 20. a5 Rcd8 21. d5 Bxb2 22. Qxb2 exd5 23. cxd5 Bc8 24. Be2 Rd6 25. Bf3 b5 26. axb6 Qxb6 27. Qc3 Bd7 28. Rab1 Bb5 29. Re1 Rdd8 30. h4 Qd6 31. h5 h6 32. Qb3 Kh8 33. Re6 Rxe6 34. dxe6 Qe5 35. Qe3 Qxe3 36. fxe3 Rd6 37. Rc1 Rxe6 38. Kf2 g5 39. hxg6 Rxg6 40. Rc5 Rf6 41. Be2 Bxe2 42. Kxe2 Kg7 43. Kf3 Kg6 44. Kf4 Re6 45. Ra5 1/2-1/2

[Event "Skopje Karposh op"]
[Site "Skopje"]
[Date "2014.04.04"]
[Round "8"]
[White "Percivaldi, Martin"]
[Black "Ilic, Zoran"]
[Result "1-0"]
[WhiteElo "2109"]
[BlackElo "2297"]
[PlyCount "87"]
[EventDate "2014.03.29"]
[EventType "swiss"]
[EventRounds "9"]
[EventCountry "MKD"]
[SourceTitle "CBM 159 Extra"]
[Source "ChessBase"]
[SourceDate "2014.04.24"]
[SourceVersion "1"]
[SourceVersionDate "2014.04.24"]
[SourceQuality "1"]

1. d4 Nf6 2. Nf3 e6 3. Bg5 c5 4. c3 h6 5. Bf4 Nc6 6. e3 Nh5 7. Be5 d6 8. Bg3 Nxg3 9. hxg3 d5 10. Nbd2 Bd6 11. Bd3 Qb6 12. Rb1 Bd7 13. Qe2 a5 14. e4 dxe4 15. Nxe4 Be7 16. dxc5 Bxc5 17. 0-0 Be7 18. Ned2 0-0 19. Nc4 Qc7 20. Nce5 Nxe5 21. Nxe5 Bc8 22. Qe4 f5 23. Qe2 Bd6 24. Rfe1 a4 25. Nc4 Bc5 26. Ne5 Bd6 27. Nc4 Bc5 28. Ne5 Bd6 29. Nc4 Be7 30. Ne5 Rf6 31. Bc4 Ra5 32. b3 Bd6 33. Nf3 Bd7 34. Nd4 Re5 35. Qd3 Kh8 36. Rxe5 Bxe5 37. Nf3 axb3 38. Nxe5 bxa2 39. Bxa2 Qxe5 40. Qxd7 f4 41. Qd8+ Kh7 42. Qd3+ Rg6 43. gxf4 Qxf4 44. Bxe6 1-0

[Event "Skopje Karposh op"]
[Site "Skopje"]
[Date "2014.04.01"]
[Round "5"]
[White "Arsovic, Zoran"]
[Black "Ilic, Zoran"]
[Result "1/2-1/2"]
[WhiteElo "2450"]
[BlackElo "2297"]
[PlyCount "112"]
[EventDate "2014.03.29"]
[EventType "swiss"]
[EventRounds "9"]
[EventCountry "MKD"]
[SourceTitle "CBM 159 Extra"]
[Source "ChessBase"]
[SourceDate "2014.04.24"]
[SourceVersion "1"]
[SourceVersionDate "2014.04.24"]
[SourceQuality "1"]

1. Nf3 c5 2. c4 Nc6 3. Nc3 g6 4. e3 Nf6 5. d4 cxd4 6. exd4 d5 7. cxd5 Nxd5 8. Qb3 Nxc3 9. Bc4 Nd5 10. Bxd5 e6 11. Bxc6+ bxc6 12. 0-0 f6 13. Be3 Qd5 14. Rfc1 Bd6 15. Nd2 Kf7 16. Rc3 Bd7 17. a3 Qxb3 18. Nxb3 Rab8 19. Na5 Bc7 20. Nxc6 Rxb2 21. Ne5+ Bxe5 22. dxe5 Rb7 23. exf6 e5 24. Rc5 Kxf6 25. Ra5 Ra8 26. h4 a6 27. Rd1 Rb5 28. Rd6+ Kf5 29. Raxa6 Rxa6 30. Rxa6 Rb1+ 31. Kh2 Ke4 32. Rd6 Bb5 33. Bg5 Kf5 34. Rf6+ Ke4 35. Rf7 Rb3 36. Rb7 h5 37. Be3 Bd3 38. a4 Kd5 39. a5 Ra3 40. Bb6 Ke6 41. Bd8 Ra2 42. Re7+ Kd6 43. Rf7 Ra4 44. Rf3 Bf5 45. Rb3 Kd7 46. Rb8 Bd3 47. Bg5 Kc7 48. Rd8 Be4 49. Rd2 Kc6 50. Re2 Kd6 51. Rb2 Kd7 52. Rb8 Ra2 53. Rb6 Ra4 54. Bd8 Ra2 55. Kg3 Ra3+ 56. Kh2 Ra2 1/2-1/2

[Event "Skopje Karposh op"]
[Site "Skopje"]
[Date "2014.03.30"]
[Round "3"]
[White "Ilic, Zoran"]
[Black "Bachmann, Axel"]
[Result "0-1"]
[WhiteElo "2297"]
[BlackElo "2575"]
[PlyCount "66"]
[EventDate "2014.03.29"]
[EventType "swiss"]
[EventRounds "9"]
[EventCountry "MKD"]
[SourceTitle "CBM 159 Extra"]
[Source "ChessBase"]
[SourceDate "2014.04.24"]
[SourceVersion "1"]
[SourceVersionDate "2014.04.24"]
[SourceQuality "1"]

1. d4 Nf6 2. Nf3 e6 3. c4 Bb4+ 4. Bd2 a5 5. g3 d6 6. Bg2 Nbd7 7. 0-0 e5 8. Nc3 0-0 9. Qc2 Re8 10. e4 exd4 11. Nxd4 Ne5 12. Bg5 h6 13. Bxf6 Qxf6 14. Nd5 Qd8 15. Nxb4 axb4 16. f4 Ng4 17. Qd2 c6 18. h3 Nf6 19. Rfe1 Qb6 20. Kh2 Ra5 21. Nc2 c5 22. Qd3 Be6 23. Ne3 Qa6 24. Red1 Bc8 25. Qxd6 Qxd6 26. Rxd6 Nxe4 27. Rd3 Nf2 28. Rb3 Bd7 29. Rf1 Ba4 30. Nf5 Bxb3 31. axb3 Re2 32. Bxb7 Rxb2 33. Bg2 Raa2 0-1

[Event "Skopje Karposh op"]
[Site "Skopje"]
[Date "2014.03.30"]
[Round "2"]
[White "Nedev, Trajce"]
[Black "Ilic, Zoran"]
[Result "0-1"]
[WhiteElo "2504"]
[BlackElo "2297"]
[PlyCount "75"]
[EventDate "2014.03.29"]
[EventType "swiss"]
[EventRounds "9"]
[EventCountry "MKD"]
[SourceTitle "CBM 159 Extra"]
[Source "ChessBase"]
[SourceDate "2014.04.24"]
[SourceVersion "1"]
[SourceVersionDate "2014.04.24"]
[SourceQuality "1"]

1. e4 c5 2. Nf3 e6 3. d4 cxd4 4. Nxd4 a6 5. Nc3 Qc7 6. Bd3 Bc5 7. Nb3 Be7 8. 0-0 Nf6 9. f4 d6 10. Qe2 Nc6 11. Bd2 b5 12. Rae1 b4 13. Nd1 a5 14. c3 Ba6 15. c4 a4 16. Nc1 b3 17. axb3 axb3 18. Ne3 Nd4 19. Qd1 Qb6 20. Kh1 0-0 21. Bc3 Nd7 22. e5 dxe5 23. fxe5 Bc5 24. Rf4 g6 25. Ng4 Rad8 26. Qd2 Nf5 27. Rxf5 exf5 28. Nh6+ Kh8 29. e6+ f6 30. Ba5 Qb8 31. e7 Bxe7 32. Rxe7 Ne5 33. Nxf5 Rd7 34. Rxd7 Nxd7 35. Ne3 Qf4 36. Nd5 Qxd2 37. Bxd2 Ne5 38. Bf1 0-1